000 00443nam a2200193Ia 4500
008 240510s9999 xx 000 0 und d
020 _a0000471058092
041 _aEng
082 _a004.678
082 _bE44
100 _aELLSWORTH, J. H : ELLSWORTH, M.V.
245 4 _aTHE INTERNET BUSINESS BOOK
260 _bNEWYORK : JOHN WILEY
260 _c1994
300 _a376 p.
650 _aINTERNET
942 _2ddc
942 _cLBK
999 _c25395
_d25395
945 _a1
_bMadushi Gamage
_c1
_dMadushi Gamage